Find the Cartoon Bears Quiz Stats

 Plays Quiz Updated Sep 21, 2017

Score 0/30 Timer 06:00
11 Plays Today
% Correct
Winnie
the Pooh
94%
Yogi Bear
89.6%
Paddington
Bear
89.3%
Master
Po Ping
86%
Peter
the Panda
85.8%
Baloo
85.1%
Funshine
Bear
84.6%
SuperTed
83.4%
Good Luck
Bear
83%
Boo Boo
79.8%
Little John
79.1%
Cindy Bear
77.8%
Disco Bear
71.1%
Lots-o'-Huggin'
Bear
65.7%
Cheer Bear
63.1%
% Correct
Teddy
Ruxpin
57.1%
Rupert Bear
54.3%
Br'er Bear
47.6%
Lumpjaw
47.5%
Ice Bear
44.6%
Boog
44.1%
Tim the Bear
42%
Kit
Cloudkicker
41.5%
Corporal
39.4%
Kissyfur
39.2%
Banjo
the Bear
38.6%
Breezly
37%
Malloy
34.7%
Humphrey
the Bear
30.2%
Barney Bear
29.5%

You're not logged in!

Compare scores with friends on all Sporcle quizzes.
OR
Log In

You Might Also Like...

Show Comments

Extras

Top Quizzes Today


Score Distribution

Your Account Isn't Verified!

In order to create a playlist on Sporcle, you need to verify the email address you used during registration. Go to your Sporcle Settings to finish the process.

Report this User

Report this user for behavior that violates our Community Guidelines.

Details: